000 00271nam a22001217a 4500
082 _a294.5924
_bRAM/S
100 _aSWAMI RAMSUKHDAS
245 _aSRIMAD BHAGAVADGITA
260 _aGORAKHPUR
_bGITA PRESS
_c2003
300 _a1430
650 _aRELIGIOUS
_zINDIA
942 _cBK
999 _c5261
_d5261